Phương pháp giải toán hàm số

Đã lưu trong:
Bibliografiske detaljer
Hovedforfatter: Lê, Hồng Đức
Format: Bog
Sprog:Undetermined
Udgivet: Hà Nội Nhà xuất bản Hà Nội 2005
Fag:
Tags: Tilføj Tag
Ingen Tags, Vær først til at tagge denne postø!
Thư viện lưu trữ: Trung tâm Học liệu Trường Đại học Cần Thơ
LEADER 00530nam a2200181Ia 4500
001 CTU_94525
008 210402s9999 xx 000 0 und d
082 |a 515 
082 |b Đ552 
100 |a Lê, Hồng Đức 
245 0 |a Phương pháp giải toán hàm số 
245 0 |c Lê Hồng Đức 
260 |a Hà Nội 
260 |b Nhà xuất bản Hà Nội 
260 |c 2005 
650 |a Mathematical analysis 
904 |i Tuyến 
980 |a Trung tâm Học liệu Trường Đại học Cần Thơ